[Event "Mittelrhein Verbandsliga-N 18/19"]
[Site "Nordrheinwestfalen"]
[Date "2019.01.20"]
[Round "6.5"]
[White "Dizdarevic, Alen"]
[Black "Weber, Michael"]
[Result "1/2-1/2"]
[WhiteElo "1847"]
[BlackElo "1721"]
[PlyCount "32"]
[EventDate "2018.09.02"]
[EventType "team-tourn"]
[EventRounds "12"]
[EventCountry "GER"]
[SourceTitle "EXT 2022"]
[Source "ChessBase"]
[SourceDate "2021.10.06"]
[SourceVersion "1"]
[SourceVersionDate "2021.10.06"]
[SourceQuality "1"]
[WhiteTeam "Rheinpark BSG"]
[BlackTeam "Koeln Worringen"]
[WhiteTeamCountry "GER"]
[BlackTeamCountry "GER"]

1. d4 Nf6 2. Nf3 d5 3. e3 Nbd7 4. Bd3 c5 5. b3 g6 6. 0-0 Bg7 7. Nbd2 0-0 8. Bb2 Qc7 9. c4 cxd4 10. exd4 dxc4 11. bxc4 b6 12. Re1 Re8 13. Rc1 Bb7 14. Ne4 Nxe4 15. Bxe4 Bxe4 16. Rxe4 Nf6 1/2-1/2

[Event "Mittelrhein Verbandsliga-N 18/19"]
[Site "Nordrheinwestfalen"]
[Date "2018.12.16"]
[Round "5.4"]
[White "Dizdarevic, Alen"]
[Black "Hoerchens, Joern"]
[Result "1-0"]
[WhiteElo "1847"]
[BlackElo "1832"]
[PlyCount "80"]
[EventDate "2018.09.02"]
[EventType "team-tourn"]
[EventRounds "12"]
[EventCountry "GER"]
[SourceTitle "EXT 2022"]
[Source "ChessBase"]
[SourceDate "2021.10.06"]
[SourceVersion "1"]
[SourceVersionDate "2021.10.06"]
[SourceQuality "1"]
[WhiteTeam "Rheinpark BSG"]
[BlackTeam "Dormagen SV"]
[WhiteTeamCountry "GER"]
[BlackTeamCountry "GER"]

1. d4 Nf6 2. Nf3 g6 3. c4 Bg7 4. e3 0-0 5. Be2 d6 6. 0-0 Nbd7 7. Nc3 c6 8. Qc2 e5 9. dxe5 dxe5 10. e4 h6 11. h3 Qe7 12. Be3 Nc5 13. Rad1 a5 14. Rfe1 Bd7 15. a3 Rfe8 16. Rd2 Be6 17. Rb1 Ncxe4 18. Nxe4 Nxe4 19. Rdd1 Nc5 20. b4 axb4 21. axb4 Na6 22. b5 cxb5 23. Rxb5 Bf5 24. Qb3 Be4 25. Ra5 Rad8 26. Rc1 Qb4 27. Qa2 Bc6 28. Rb1 Qe7 29. Qb3 e4 30. Nd2 Bd4 31. Bxd4 Rxd4 32. Qe3 Red8 33. Nb3 R4d7 34. Qxh6 Qf6 35. Rg5 Qg7 36. Qh4 Qh7 37. Qg3 Kf8 38. h4 Nc7 39. Nc5 Rd2 40. Qxc7 R8d7 1-0

[Event "Mittelrhein Verbandsliga-N 17/18"]
[Site "Nordrheinwestfalen"]
[Date "2017.09.10"]
[Round "1.5"]
[White "Gutt, Oswald"]
[Black "Dizdarevic, Alen"]
[Result "1/2-1/2"]
[WhiteElo "1846"]
[BlackElo "1843"]
[PlyCount "35"]
[EventDate "2017.09.10"]
[EventType "team-swiss"]
[EventRounds "11"]
[EventCountry "GER"]
[SourceTitle "EXT 2022"]
[Source "ChessBase"]
[SourceDate "2021.10.06"]
[SourceVersion "1"]
[SourceVersionDate "2021.10.06"]
[SourceQuality "1"]
[WhiteTeam "Bergische SF"]
[BlackTeam "Rheinpark BSG"]
[WhiteTeamCountry "GER"]
[BlackTeamCountry "GER"]

1. Nf3 Nf6 2. c4 g6 3. d4 c5 4. Nc3 cxd4 5. Nxd4 Nc6 6. e4 d6 7. Be2 Nxd4 8. Qxd4 Bg7 9. Be3 0-0 10. Qd2 a5 11. 0-0 a4 12. Rac1 Qa5 13. f3 Be6 14. Rfd1 Rfc8 15. Nb5 Qxd2 16. Bxd2 Nd7 17. Rc2 h5 18. Be3 1/2-1/2

[Event "Mittelrhein Verbandsliga-M 16/17"]
[Site "Nordrheinwestfalen"]
[Date "2017.04.09"]
[Round "10.5"]
[White "Dizdarevic, Alen"]
[Black "Manay, Gueven"]
[Result "0-1"]
[WhiteElo "1818"]
[BlackElo "1920"]
[PlyCount "62"]
[EventDate "2016.09.11"]
[EventType "team-tourn"]
[EventRounds "11"]
[EventCountry "GER"]
[SourceTitle "EXT 2022"]
[Source "ChessBase"]
[SourceDate "2021.10.06"]
[SourceVersion "1"]
[SourceVersionDate "2021.10.06"]
[SourceQuality "1"]
[WhiteTeam "Rheinpark BSG"]
[BlackTeam "Satranc Club"]
[WhiteTeamCountry "GER"]
[BlackTeamCountry "GER"]

1. d4 d5 2. Nf3 Bf5 3. c4 e6 4. cxd5 exd5 5. Qb3 Nc6 6. Nc3 Bb4 7. a3 Bxc3+ 8. Qxc3 Nf6 9. Bg5 Qd6 10. Bxf6 Qxf6 11. e3 Bg4 12. Be2 Qd6 13. 0-0 Nd8 14. Rfc1 c6 15. b4 0-0 16. a4 Ne6 17. Qb2 f5 18. g3 Rae8 19. Ra3 g5 20. Rac3 f4 21. Nxg5 Bxe2 22. Nxe6 Rxe6 23. Qxe2 f3 24. Qc2 Rh6 25. e4 Qe6 26. h4 Qh3 27. Rxf3 Rxf3 28. exd5 Rg6 29. Qe4 Rfxg3+ 30. fxg3 Rxg3+ 31. Kf2 Qh2+ 0-1

[Event "Mittelrhein Verbandsliga-M 16/17"]
[Site "Nordrheinwestfalen"]
[Date "2017.01.08"]
[Round "6.6"]
[White "Kocur, Beata"]
[Black "Dizdarevic, Alen"]
[Result "1/2-1/2"]
[WhiteElo "1730"]
[BlackElo "1818"]
[PlyCount "84"]
[EventDate "2016.09.11"]
[EventType "team-tourn"]
[EventRounds "11"]
[EventCountry "GER"]
[SourceTitle "EXT 2022"]
[Source "ChessBase"]
[SourceDate "2021.10.06"]
[SourceVersion "1"]
[SourceVersionDate "2021.10.06"]
[SourceQuality "1"]
[WhiteTeam "Hitdorf SV Springer"]
[BlackTeam "Rheinpark BSG"]
[WhiteTeamCountry "GER"]
[BlackTeamCountry "GER"]

1. e4 c5 2. Nf3 g6 3. d4 cxd4 4. Nxd4 Nc6 5. Nc3 Bg7 6. Be3 Nf6 7. Nb3 0-0 8. Be2 a5 9. a4 d6 10. 0-0 Nb4 11. f3 Be6 12. Nd4 Rc8 13. Bd3 Bc4 14. Qe2 Bxd3 15. cxd3 Nd7 16. Ndb5 d5 17. Rad1 Ne5 18. d4 Nec6 19. e5 Qd7 20. f4 f5 21. h4 h5 22. Rf3 Kh7 23. Qf2 Nd8 24. Bc1 Nf7 25. Qe2 Qe6 26. Na3 Nh6 27. Nc2 Nxc2 28. Qxc2 Rc4 29. Qb3 Qc6 30. Rdd3 Rc8 31. Bd2 Ng4 32. g3 Bf8 33. Nb5 Qb6 34. Qd1 R8c6 35. b3 Rc2 36. Bc3 Ra2 37. Qe1 e6 38. Rd2 Rxd2 39. Qxd2 Bb4 40. Bxb4 axb4 41. Qxb4 Rc1+ 42. Rf1 Qc6 1/2-1/2

[Event "Mittelrhein Verbandsliga-M 15/16"]
[Site "Nordrheinwestfalen"]
[Date "2016.02.21"]
[Round "8.7"]
[White "Tbaila, Ralph"]
[Black "Dizdarevic, Alen"]
[Result "1/2-1/2"]
[WhiteElo "1811"]
[BlackElo "1827"]
[PlyCount "76"]
[EventDate "2015.09.06"]
[EventType "team-tourn"]
[EventRounds "11"]
[EventCountry "GER"]
[SourceTitle "EXT 2022"]
[Source "ChessBase"]
[SourceDate "2021.10.06"]
[SourceVersion "1"]
[SourceVersionDate "2021.10.06"]
[SourceQuality "1"]
[WhiteTeam "Kalker/Deutzer SG"]
[BlackTeam "Rheinpark BSG"]
[WhiteTeamCountry "GER"]
[BlackTeamCountry "GER"]

1. b4 d5 2. Bb2 Bg4 3. c4 c6 4. Qb3 Nf6 5. e3 Nbd7 6. Nc3 e6 7. h3 Bh5 8. Nge2 Bd6 9. c5 Bc7 10. Nf4 0-0 11. Nxh5 Nxh5 12. Rc1 Nhf6 13. Bd3 e5 14. Bb1 e4 15. d3 exd3 16. Bxd3 Ne5 17. Bb1 Nc4 18. Ba1 Qe7 19. Ne2 Rfe8 20. Rxc4 dxc4 21. Qxc4 Be5 22. Nd4 Rad8 23. 0-0 g6 24. a3 Nd5 25. Ba2 Bb8 26. Kh1 Qc7 27. Nf3 Qe7 28. Qd4 f6 29. e4 Qxe4 30. Qxf6 Qe7 31. Qh8+ Kf7 32. Ng5+ Qxg5 33. Qg7+ Ke6 34. Re1+ Kf5 35. g4+ Kf4 36. Qd4+ Kf3 37. Qd1+ Kf4 38. Qc1+ Kf3 1/2-1/2

[Event "Mittelrhein Verbandsliga-M 15/16"]
[Site "Nordrheinwestfalen"]
[Date "2016.01.10"]
[Round "6.6"]
[White "Dizdarevic, Alen"]
[Black "Olschewski, Martin"]
[Result "1-0"]
[WhiteElo "1827"]
[BlackElo "1729"]
[PlyCount "59"]
[EventDate "2015.09.06"]
[EventType "team-tourn"]
[EventRounds "11"]
[EventCountry "GER"]
[SourceTitle "EXT 2022"]
[Source "ChessBase"]
[SourceDate "2021.10.06"]
[SourceVersion "1"]
[SourceVersionDate "2021.10.06"]
[SourceQuality "1"]
[WhiteTeam "Rheinpark BSG"]
[BlackTeam "Eikamp Freibauer"]
[WhiteTeamCountry "GER"]
[BlackTeamCountry "GER"]

1. d4 Nf6 2. Nf3 e6 3. e3 c5 4. Bd3 Nc6 5. 0-0 b6 6. c3 Bb7 7. Nbd2 Be7 8. e4 cxd4 9. cxd4 0-0 10. e5 Nd5 11. Ne4 f6 12. exf6 Nxf6 13. a3 Nxd4 14. Nxf6+ Bxf6 15. Nxd4 Bxd4 16. Bxh7+ Kxh7 17. Qxd4 d5 18. Bf4 Rc8 19. Rac1 Qd7 20. Be5 Ba6 21. Rfe1 Rc4 22. Rxc4 Bxc4 23. Re3 Qe7 24. Bxg7 Qxg7 25. Qh4+ Qh6 26. Qe7+ Qg7 27. Rh3+ Kg8 28. Qxe6+ Qf7 29. Rg3+ Kh8 30. Qh6+ 1-0

[Event "Mittelrhein Verbandsliga-M 15/16"]
[Site "Nordrheinwestfalen"]
[Date "2015.11.15"]
[Round "4.7"]
[White "Beracz, Peter"]
[Black "Dizdarevic, Alen"]
[Result "1/2-1/2"]
[WhiteElo "1803"]
[BlackElo "1827"]
[PlyCount "86"]
[EventDate "2015.09.06"]
[EventType "team-tourn"]
[EventRounds "11"]
[EventCountry "GER"]
[SourceTitle "EXT 2022"]
[Source "ChessBase"]
[SourceDate "2021.10.06"]
[SourceVersion "1"]
[SourceVersionDate "2021.10.06"]
[SourceQuality "1"]
[WhiteTeam "Esch SF"]
[BlackTeam "Rheinpark BSG"]
[WhiteTeamCountry "GER"]
[BlackTeamCountry "GER"]

1. e4 d6 2. d4 Nf6 3. Nc3 g6 4. f4 Bg7 5. Nf3 0-0 6. Bd3 Nc6 7. 0-0 e5 8. d5 Nb4 9. fxe5 dxe5 10. Be2 Qd6 11. Nd2 Qc5+ 12. Kh1 Bd7 13. a3 Na6 14. Nb3 Qb6 15. Qd3 Nc5 16. Nxc5 Qxc5 17. Be3 Qd6 18. b4 b6 19. Bf3 c6 20. Rad1 cxd5 21. Nxd5 Nxd5 22. c4 Qe7 23. cxd5 Qd6 24. Rc1 f5 25. Rfd1 f4 26. Bf2 g5 27. h3 Kh8 28. Rc3 Bf6 29. Kg1 Rg8 30. Bg4 Be8 31. Rdc1 Rd8 32. Rc7 h5 33. Bf5 Rg7 34. Rxg7 Bxg7 35. Qc3 Bd7 36. Bxd7 Qxd7 37. Qc7 Kh7 38. b5 Kg8 39. a4 Bf6 40. Qxd7 Rxd7 41. Rc6 Kf7 42. g4 hxg4 43. hxg4 Bd8 1/2-1/2

[Event "Mittelrhein Verbandsliga-M 15/16"]
[Site "Nordrheinwestfalen"]
[Date "2015.10.18"]
[Round "3.6"]
[White "Gadjisade, Machmud"]
[Black "Dizdarevic, Alen"]
[Result "1-0"]
[WhiteElo "1826"]
[BlackElo "1827"]
[PlyCount "81"]
[EventDate "2015.09.06"]
[EventType "team-tourn"]
[EventRounds "11"]
[EventCountry "GER"]
[SourceTitle "EXT 2022"]
[Source "ChessBase"]
[SourceDate "2021.10.06"]
[SourceVersion "1"]
[SourceVersionDate "2021.10.06"]
[SourceQuality "1"]
[WhiteTeam "Gruenfeld"]
[BlackTeam "Rheinpark BSG"]
[WhiteTeamCountry "GER"]
[BlackTeamCountry "GER"]

1. c4 Nf6 2. Nc3 g6 3. g3 Bg7 4. Bg2 0-0 5. e3 d6 6. Nge2 Nc6 7. 0-0 e5 8. a3 a5 9. Rb1 Bf5 10. e4 Bg4 11. h3 Bd7 12. d4 Qc8 13. d5 Nd4 14. Nxd4 exd4 15. Qxd4 Bxh3 16. Qd3 Bxg2 17. Kxg2 Nh5 18. f4 Qg4 19. Qf3 f5 20. Qxg4 fxg4 21. Nb5 Rf7 22. Bd2 Re8 23. Rbe1 b6 24. Bc3 Rfe7 25. Bxg7 Nxg7 26. Nc3 Nf5 27. Kf2 Nd4 28. Rd1 Nb3 29. Rfe1 Nc5 30. Rd4 Nb3 31. Rd3 Nc5 32. Rde3 h5 33. b4 axb4 34. axb4 Nb3 35. e5 dxe5 36. Rxe5 Kf7 37. Nb5 Nd2 38. d6 Rxe5 39. fxe5 Nxc4 40. e6+ Rxe6 41. d7 1-0

[Event "Mittelrhein Verbandsliga-M 1112"]
[Site "Germany"]
[Date "2011.09.18"]
[Round "1.5"]
[White "Samorukova, Jana"]
[Black "Dizdarevic, Alen"]
[Result "1/2-1/2"]
[WhiteElo "1828"]
[BlackElo "1910"]
[PlyCount "58"]
[EventDate "2011.09.18"]
[EventType "team-tourn"]
[EventRounds "11"]
[EventCountry "GER"]
[SourceTitle "EXT 2013"]
[Source "ChessBase"]
[SourceDate "2012.11.22"]
[SourceVersion "1"]
[SourceVersionDate "2012.11.22"]
[SourceQuality "1"]
[WhiteTeam "Godesberg V"]
[BlackTeam "Rheinpark BSG"]
[WhiteTeamCountry "GER"]
[BlackTeamCountry "GER"]

1. d4 d5 2. c4 Nc6 3. Nc3 Nf6 4. cxd5 Nxd5 5. e4 Nxc3 6. bxc3 e5 7. d5 Nb8 8. g3 Bd6 9. Bg2 0-0 10. h3 Nd7 11. Ne2 Nc5 12. 0-0 f5 13. exf5 Bxf5 14. Be3 Kh8 15. c4 Qd7 16. Kh2 Rae8 17. Qd2 b6 18. Qc3 Ne4 19. Qb2 Nc5 20. Qc3 Nb7 21. Nc1 Bc5 22. Nb3 Qd6 23. Nxc5 Nxc5 24. Rad1 Bg6 25. Kg1 Rf7 26. Kh1 a5 27. Kg1 Na4 28. Qb3 Nc5 29. Qc3 Ref8 1/2-1/2